000 03350nam a2200289Ia 4500
008 130821s1772 sp gr spa
040 _aCo-BoUCM
_bspa
041 1 _aspa
092 _aE18N028
100 1 _aBossuet, Jacques Benigne 1627-1704
245 1 0 _aHistoria de las variaciones de las yglesias protestantes y exposicion de la doctrina de la Yglesia Catholica sobre los puntos de controversia
_bobras curiosissimas, enriquecidas de singular erudicion, escolastica, theologica y dogmatica, en que se refieren las variaciones de doctrinas, las temerarias empresas de Luthero, ...
_cpor ... Jacobo Benigno Bossuet ... ; traducidas de el frances por don Miguel Joseph Fernandez
250 _a3a reimp.
260 _aMadrid (España)
_bpor Andrès Ortega
_c1772
300 _a[2], 367 páginas
500 _aDetalles físicos: Encuadernación en pergamino en buen estado de conservación, conserva parte de los cierres, guardas, anteportada con texto muy extenso, portada impresa a dos tintas sin ningún deterioro. Texto impreso a una y dos columnas con apostillas marginales. Papel manchado por humedad. Págs. 27- 30 sueltas.
500 _aIncluye índice.
505 0 _aV.2: Libro V al IX. Las interiores turbaciones, los grandes pesares, y las incertidumbres en que cayò Melancton. ; La causa de sus errores, y sus esperanzas frustradas. ; El funesto sucesso (sic) de la reforma, y los infelices motivos que á ella atraxeron (sic) à los pueblos, confessados (sic) , y manifestados por los mismos autores del partido. Melancton confessa (sic) en vano la perpetuidad de la santa yglesia (sic) la autoridad de sus juicios, y la de sus prelados. La justicia imputativa (sic) te arrebata, aunque conoce, y confiessa (sic), que no halla cosa alguna de ella en los escritos de los padres, ni aun en San Agustín, en quien en otro tiempo havia (sic) puesto todo su fundamento (...) -- El Landgrave solicita mantener la unión entre los Lutheranos, y los Zuinglianos (sic). Nuevo imaginado remedio, que se inventò para ocurrir à la incontinencia de este príncipe, permitiéndole casasse (sic) con una segunda mujer, viviendo la primera. Memorable instrucción, que dà à Bucero para faciliar, que conviniesse Luthero, y Melanton en este errado sentir (...) -- Que la reformación de Inglaterra es condenable por la misma historia del Burnet. ; El injusto divorcio del rey Henrique VIII su iracundo ímpetu, y desenfreno contra a la Santa Sede. Su pretendida primacía Eclesiastica (sic). Principios, continuación y funestas consequencias (sic) de este dogma. ; Que à excepción de este punto queda allí la Fè Catholica (sic) en su inseguridad. Impías decisiones de Fè (sic) del mismo Henrique (...) -- Declardda Guera entre Carlos V y la liga de la Smalcalde. These, ò proposiciones de Luthero (sic) que había excitado à los Lutheranos (sic) à tomar las armas. ; Nuevo motivo de guerra con ocasión de Hernan Arzobispo de Colonia (...).
506 _aConsulta en sala.
650 0 4 _aHistoria eclesiástica
_xObras anteriores a 1800
_916937
650 0 4 _aProtestantismo
_xHistoria
_922679
650 0 4 _aReligión
_923497
650 0 4 _aReligión
_xHistoria
_923497
700 1 _aFernández, Miguel José
_etr.
700 1 _aOrtega, Andrés
_eed.
942 _cLIBRO
_a4
_e3
_2DEWEY
_h271
999 _c36201
_d36201